Statistics for Biggest Islands in the Atlantic Ocean

Click here to take the quiz!

General Stats

  • This quiz has been taken 111 times
  • The average score is 7 of 10

Answer Stats

Area in km2Islands% Correct
84.400 km2EuropeIreland
95%
108.900 km2EuropeIceland
94%
209.300 km2EuropeGreat Britain
93%
110.800 km2N. AmericaCuba
92%
2.160.000 km2N. AmericaGreenland
90%
76.200 km2N. AmericaHispaniola
85%
108.900 km2N. AmericaNewfoundland
76%
9.100 km2N. AmericaPuerto Rico
51%
48.000 km2S. AmericaIsla Grande de Tierra del Fuego
6%
10.300 km2N. AmericaCape Breton island
2%

Score Distribution

Percentile by Number Answered

Percent of People with Each Score

Your Score History

You have not taken this quiz